| 000 | 00920aam a2200325 4500 | ||
|---|---|---|---|
| 005 | 20241008143958.0 | ||
| 008 | 150525b xxu||||| |||| 00| 0 spa d | ||
| 041 | _aEspañol | ||
| 082 | _a658.3 AL434di2 | ||
| 100 | _aAlles, Martha Alicia | ||
| 245 | _aDirección estratégica de recursos humanos: gestión por competencias | ||
| 260 |
_aArgentina _bGranica _c2010 |
||
| 300 | _a445 páginas | ||
| 650 | _aRECURSOS HUMANOS | ||
| 650 | _aDIRECCIÓN ESTRATEGICA | ||
| 650 | _aANÁLISIS DE PUESTOS | ||
| 650 | _aDESCRIPCIÓN DE PUESTOS | ||
| 650 | _aSELECCIÓN DE PERSONAL | ||
| 650 | _aFORMACIÓN | ||
| 650 | _aEVALUACIÓN DEL DESEMPEÑO | ||
| 650 | _aPLAN DE JOVENES PROFESIONALES | ||
| 650 | _aCAPITAL INTELECTUAL | ||
| 650 | _aFUNCIÓN DE DESARROLLO | ||
| 650 | _aREMUNERACIONES | ||
| 650 | _aBENEFICIOS | ||
| 650 | _aRENUNCIAS | ||
| 650 | _aDESPIDOS | ||
| 650 | _aJUBILACIÓN | ||
| 942 | _cBK | ||
| 999 |
_c2232 _d2232 |
||